On This Day (October 20th) Multiple Choice - Statistics

General Stats
  • This quiz has been taken 5 times
  • The average score is 6 of 15
Answer Stats
Question Answer % Correct
1973 – Which iconic building is opened by Elizabeth II after 14 years of construction ? Sydney Opera House
100%
1910 – The hull of the RMS Olympic, sister-ship to the ill-fated RMS Titanic, is launched from the Harland and Wolff shipyard in which city ? Belfast
80%
1952 – The Governor declares a state of emergency and begins arresting hundreds of suspected leaders of the Mau Mau Uprising in which African country ? Kenya
80%
1977 – Which rock band's airplane crashes killing the lead singer and a guitarist ? Lynyrd Skynyrd
80%
1961 – Which country performs the first armed test of a submarine-launched ballistic missile ? Soviet Union
80%
1944 – World War II: The Soviet Army and Yugoslav Partisans liberate which city ? Belgrade
60%
1976 – The ferry George Prince is struck by a ship while crossing which river ? Mississippi
60%
1944 – Liquefied natural gas leaks from storage tanks and then explodes, leveling 30 blocks in which US city ? Cleveland
20%
1951 – Al Greenwood, American keyboard player is born. Which band was he a founder member of ? Foreigner
20%
1982 – During the UEFA Cup match between FC Spartak Moscow and HFC Haarlem, 66 people are crushed to death in the Luzhniki disaster in which European city ? Moscow
20%
Today is celebrated in the USA as what ? National Office Chocolate Day
20%
1968 – Former First Lady Jacqueline Kennedy marries Greek shipping tycoon Aristotle Onassis on which Greek island ? Skorpios
20%
1720 – Which pirate of the Caribbean is captured by the Royal Navy ? Calico Jack
0%
1548 – Which national capital city is founded by Alonso de Mendoza ? La Paz, Bolivia
0%
1981 – Two police officers and an armored car guard are killed during an armed robbery carried out by members of the Black Liberation Army in which US state ? New York
0%
No matching quizzes found
Score Distribution
Percent of People with Each Score
Percentile by Number Answered
Your Score History
You have not taken this quiz